000 00871nam a2200229Ii 4500
003 JO-AjNU
008 230605s9999||||xx |||||||||||||| ||und||
017 _a2008/7/2480
020 _a9957-16-458-4
040 _aJO-AjNU
_bara
_erda
_cJO-AjNU
041 _aara
050 1 4 _aKMM87.6.S37.2009
100 3 _a السرحان ، عدنان ابراهيم ,
_eauthor
_912472
245 0 0 _aشرح القانون المدني : العقود المسماة - المقاولة - الوكالة - الكفالة
250 _aط1
264 3 1 _aعمان : دار الثقافة ، 2009
300 _a303ص
_bيشتمل على مراجع ص ( 301 - 303 )
336 _atext
_btxt
_2rdacontent
337 _aunmediated
_bn
_2rdamedia
338 _avolume
_bnc
_2rdacarrier
650 4 _aالقانون المدني -- العقود -- الالتزامات -- الأردن
_912473
999 _aA2853
_c6421
_d6421